| 000 | 00871cam a2200241 a 4500 | ||
|---|---|---|---|
| 003 | AE-DuALZ | ||
| 008 | 060602s2020 ua a g b 001 0beng d | ||
| 020 | _a9789774168901 | ||
| 020 | _a9774168909 | ||
| 040 |
_aAE-ALZAD _cAE-ALZAD |
||
| 043 | _af-ua--- | ||
| 050 | 1 | 4 |
_aNA1585.A234 _bS74 2020 |
| 100 | 1 |
_aSteele, James. _98650 |
|
| 245 | 1 | 0 |
_aAbdelhalim Ibrahim Abdelhalim : _ban architecture of collective memory / _cJames Steele. |
| 260 |
_aCairo : _bThe American University in Cairo Press, _c2020. |
||
| 300 |
_avii, 194 p. : _bill. ; _c29 cm. |
||
| 504 | _aIncludes bibliographical references (p. 188-189) and index. | ||
| 590 | _aLB-AJLLC-9141 | ||
| 600 | 1 | 0 |
_aAbdelhalim, Abdelhalim Ibrahim _xCriticism and interpretation. _919588 |
| 650 | 0 |
_aArchitects _zEgypt _y20th century _vBiography. _9720 |
|
| 650 | 0 |
_aArchitecture, Modern _y21st century. |
|
| 942 |
_2lcc _cBK |
||
| 999 |
_c9333 _d9333 |
||